000 00270 a2200109 4500
005 20250628180022.0
020 _a978-0-85732-005-6
245 _aAdvanced Audit and Assurance
260 _aBritain
_bKaplan
_c2010
300 _axviii, 314p.: ill;Table
_c29cm
942 _2ddc
_cBKS
999 _c6150
_d6150